Fire Emblem Playable Characters - A - Statistics

General Stats
  • This quiz has been taken 175 times
    12 since last reset
  • The average score is 45 of 57
Answer Stats
Answer % Correct
Alear (F)
100%
Alear (M)
100%
Alfonse
100%
Anna (Various)
100%
Annette
100%
Astrid
100%
Athos
100%
Azura
100%
Abel
80%
Aelfric
80%
Alcryst
80%
Alec
80%
Alen
80%
Alfred
80%
Alm
80%
Alois
80%
Altena
80%
Altina
80%
Amalda
80%
Amber
80%
Amelia
80%
Amid
80%
Annand
80%
Arete
80%
Arlen
80%
Arran
80%
Arthur (Fates)
80%
Arthur (HW)
80%
Artur
80%
Arval
80%
Arvis
80%
Asaello
80%
Asbel
80%
Ash
80%
Ashe
80%
Ashera
80%
Ashnard
80%
Askr
80%
Astolfo
80%
Astram
80%
Athena
80%
Atlas
80%
August
80%
Aversa
80%
Ayra
80%
Azama
80%
Azelle
80%
Alberta
60%
Alfaðör
60%
Alva
60%
Anankos
60%
Aran
60%
Arden
60%
Ares
60%
Arion
60%
Asugi
60%
Ananke
20%
No matching quizzes found
Score Distribution
Percent of People with Each Score
Percentile by Number Answered
Your Score History
You have not taken this quiz since the last reset